000 00569nam a22001937a 4500
005 20251108165943.0
008 250721s1996 xx 000 0 ara d
082 1 4 _aط/811.9564/عفا
100 1 _aصلاح، عفاف يوسف
245 1 0 _aللقدس تغني :
_bشعر /
264 1 _aعمان :
_bدار الكرمل للنشر و التوزيع،
_c1996.
300 _a32ص
650 1 7 _aفلسطين
650 1 7 _aالشعر العربي
650 1 7 _aالشعر الحديث
650 1 7 _aالأدب العربي
942 _2ddc
_cBK
999 _c35774
_d35774